000 00594nam a2200205Ia 4500
005 20250508150329.0
008 008 250505s9999 xx 000 0 eng d
037 _aTextual
040 _aFEDL
_beng
_cFEDL
041 _aeng
_2eng
084 _a025.3, RAN
_qFEDL
100 _aRanganathan S R
245 0 _aTheory of library catalogue
260 _aMadras, India
_bMadras Library Association
_c1938
300 _a393p
490 _aMadras library association publication series; 7
650 _aLibrary science
942 _cTEXL
_h025.3, RAN
999 _c1323029
_d1323029